Der Schutz von Minderheiten- und Volksgruppenrechten durch die Europäische Union

Bibliographic Details
Other Authors: Blumenwitz, Dieter, 1939-2005 (Compiler), Gornig, Gilbert (Compiler), Grulich, Rudolf
Format: Book
Language:German
PhysicalDescription:189 s. 24 cm
Published: Köln Wissenchaft und Politik 1996
ISBN:3804688349
Series:Staats- und völkerrechtliche Abhandlungen der Studiengruppe für Politik und Völkerrecht
Subjects:

MARC

LEADER 00000nam a2200000 a 4500
001 vtls001286371
003 SK-MaSNL
005 20260301044548.0
008 251113s1996 gw a r y 0 ger
015 |a SNBZSA1997-00186 
020 |a 3804688349 
035 |a SNK000237915 
040 |a SNK  |b slo  |c SNK  |e AACR2 
041 0 |a ger 
044 |a gw  |c DE 
080 |a 323.1:061.1:339.923(4)(082)=30  |2 1981 
080 |a 061.1:339.923(4):323.1(082)=30  |2 1981 
245 0 4 |a Der Schutz von Minderheiten- und Volksgruppenrechten durch die Europäische Union  |c herausgegeben von Dieter Blumenwitz und Gilbert Gornig 
260 |a Köln  |b Wissenchaft und Politik  |c 1996 
300 |a 189 s.  |c 24 cm 
490 1 |a Staats- und völkerrechtliche Abhandlungen der Studiengruppe für Politik und Völkerrecht  |v Bd. 15 
500 |a Rozlož. tit. strana 
504 |a Bibliogr. odkazy. Reg. Skrat. 
505 0 |a Obsahuje aj: Die Rechte der Volksgruppen in derTschechischen und in der Slowakischen Republik/Rudolf Grulich, s. 155-160 
610 0 7 |a Európska únia  |2 SNK  |9 29861 
611 1 7 |a Európska únia  |2 SNK  |9 351191 
650 0 7 |a menšiny národnostné  |x Európska únia  |x zborníky  |2 SNK  |9 351192 
700 1 |a Blumenwitz, Dieter,  |d 1939-2005  |4 com  |9 208703 
700 1 |a Gornig, Gilbert  |4 com  |9 351193 
700 1 2 |a Grulich, Rudolf  |t Die Rechte der Volksgruppen in der Tschechischen und in der Slowakischen Republik  |9 351194 
830 0 |a Staats- und völkerrechtliche Abhandlungen der Studiengruppe für Politik und Völkerrecht  |9 351195 
919 |a 3-8046-8834-9 
958 |a OND 
958 |a ZS 
958 |a TL 
958 |a ZB 
958 |a NB 
999 |c 596283  |d 598213 
952 |t P60, <03>, [BOOK], {603}  |a SNK  |b SNK  |y PREZ  |7 0  |p 17A0063327  |o snkSC 93058  |i snkV 1127/97  |0 0  |1 0  |4 0  |d 1997-05-15  |f 1  |l 0  |r 2025-09-11 00:00:00  |w 2026-02-23